|
|
|
|
| LEADER |
00000naa2a2200000 4500 |
| 001 |
623904 |
| 005 |
20231101133303.0 |
| 035 |
|
|
|a (RuTPU)RU\TPU\conf\23018
|
| 035 |
|
|
|a RU\TPU\conf\23017
|
| 090 |
|
|
|a 623904
|
| 100 |
|
|
|a 20171004d2017 k y0rusy50 ca
|
| 101 |
0 |
|
|a rus
|d rus
|
| 102 |
|
|
|a RU
|
| 105 |
|
|
|a y z 101zy
|
| 135 |
|
|
|a drcn ---uucaa
|
| 181 |
|
0 |
|a i
|
| 182 |
|
0 |
|a b
|
| 200 |
1 |
|
|a Разработка макета поративного сцинтилляционного детектора на основе PIN-диода
|f Т. Г. Никишкин
|
| 203 |
|
|
|a Текст
|c электронный
|
| 225 |
1 |
|
|a Ядерные технологии XXI века
|
| 230 |
|
|
|a 1 компьютерный файл (pdf; 575 Kb)
|
| 300 |
|
|
|a Заглавие с экрана
|
| 320 |
|
|
|a [Библиогр.: с. 65-66 (4 назв.)]
|
| 463 |
|
0 |
|0 (RuTPU)RU\TPU\conf\22967
|t Физико-технические проблемы в науке, промышленности и медицине
|o сборник тезисов докладов IX Международной научно-практической конференции, г. Томск, 21-22 сентября 2017 г.
|f Национальный исследовательский Томский политехнический университет (ТПУ) ; под ред. С. А. Байдали [и др.]
|v [С. 65-66]
|d 2017
|
| 610 |
1 |
|
|a труды учёных ТПУ
|
| 610 |
1 |
|
|a электронный ресурс
|
| 610 |
1 |
|
|a детекторы
|
| 610 |
1 |
|
|a спектрометрия
|
| 610 |
1 |
|
|a диоды
|
| 610 |
1 |
|
|a фотодиоды
|
| 610 |
1 |
|
|a ионизирующее излучение
|
| 700 |
|
1 |
|a Никишкин
|b Т. Г.
|
| 712 |
0 |
2 |
|a Национальный исследовательский Томский политехнический университет (ТПУ)
|c (2009- )
|2 stltpush
|3 (RuTPU)RU\TPU\col\15902
|
| 801 |
|
2 |
|a RU
|b 63413507
|c 20171006
|g RCR
|
| 856 |
4 |
|
|u http://earchive.tpu.ru/handle/11683/43159
|
| 942 |
|
|
|c BK
|